[Event "Angers op 16th"]
[Site "Angers"]
[Date "2023.05.20"]
[Round "3"]
[White "Shurgaia, Vincent"]
[Black "Soyer, Jean Yves"]
[Result "1/2-1/2"]
[WhiteElo "1747"]
[BlackElo "1971"]
[PlyCount "47"]
[EventDate "2023.05.19"]
[EventType "swiss"]
[EventRounds "6"]
[EventCountry "FRA"]
[SourceTitle "CBM 214 Extra"]
[Source "ChessBase"]
[SourceDate "2023.07.31"]
[SourceVersion "1"]
[SourceVersionDate "2023.07.31"]
[SourceQuality "1"]

1. d4 Nf6 2. Nc3 d5 3. Bf4 g6 4. e3 Bg7 5. h4 h5 6. Nf3 0-0 7. Qd2 c6 8. Ne5 a5 9. f3 Na6 10. g4 Nc7 11. 0-0-0 Bd7 12. e4 dxe4 13. Bh6 exf3 14. Bxg7 Kxg7 15. gxh5 Nxh5 16. Bd3 Be8 17. Be4 Nd5 18. Nxd5 cxd5 19. Bxf3 Rh8 20. Rhg1 e6 21. Rg4 Nf6 22. Rf4 Nh5 23. Rg4 Nf6 24. Rf4 1/2-1/2

[Event "Vaujany op-A 8th"]
[Site "Vaujany"]
[Date "2017.07.20"]
[Round "8.15"]
[White "Fodor, Balazs"]
[Black "Soyer, Jean Yves"]
[Result "1-0"]
[WhiteElo "2117"]
[BlackElo "2084"]
[PlyCount "77"]
[EventDate "2017.07.13"]
[EventType "swiss"]
[EventRounds "9"]
[EventCountry "FRA"]
[SourceTitle "EXT 2020"]
[Source "ChessBase"]
[SourceDate "2019.10.17"]
[SourceVersion "1"]
[SourceVersionDate "2019.10.17"]
[SourceQuality "1"]

1. d4 Nf6 2. c4 c5 3. Nf3 e6 4. g3 cxd4 5. Nxd4 d5 6. Bg2 e5 7. Nf3 d4 8. 0-0 Nc6 9. e3 a5 10. exd4 exd4 11. Qa4 Bd7 12. Bf4 Be7 13. Na3 Nh5 14. Bd2 0-0 15. Nb5 Bc5 16. Qd1 Nf6 17. Bf4 Bf5 18. Ne5 Rc8 19. Nd3 Be7 20. h3 Ne4 21. Re1 Nc5 22. Ne5 Ne6 23. Bd2 Nc5 24. Kh2 Be6 25. b3 Nxe5 26. Rxe5 Bf6 27. Re1 b6 28. Bf4 d3 29. Rb1 Bf5 30. Nd6 d2 31. Qxd2 Bxb1 32. Nxc8 Qxd2 33. Bxd2 Bxa2 34. Nxb6 Nxb3 35. Bf4 Bd4 36. Nd7 g5 37. Bxg5 Rc8 38. Bb7 Rc7 39. Bh6 1-0

[Event "Vaujany op-A 8th"]
[Site "Vaujany"]
[Date "2017.07.15"]
[Round "3.12"]
[White "Soyer, Jean Yves"]
[Black "Abello, Sebastien"]
[Result "1/2-1/2"]
[WhiteElo "2084"]
[BlackElo "2362"]
[PlyCount "118"]
[EventDate "2017.07.13"]
[EventType "swiss"]
[EventRounds "9"]
[EventCountry "FRA"]
[SourceTitle "EXT 2020"]
[Source "ChessBase"]
[SourceDate "2019.10.17"]
[SourceVersion "1"]
[SourceVersionDate "2019.10.17"]
[SourceQuality "1"]

1. d4 Nf6 2. c4 g6 3. Nc3 d5 4. cxd5 Nxd5 5. e4 Nxc3 6. bxc3 Bg7 7. Nf3 c5 8. Be3 Qa5 9. Qd2 Nc6 10. Rb1 a6 11. Rc1 Bg4 12. d5 Rd8 13. Be2 e6 14. 0-0 exd5 15. exd5 Bxf3 16. Bxf3 Ne5 17. c4 Qxd2 18. Bxd2 b5 19. cxb5 Nxf3+ 20. gxf3 Rxd5 21. Be3 axb5 22. Rxc5 Rxc5 23. Bxc5 Kd7 24. Bb4 Ra8 25. Rd1+ Kc6 26. Rd6+ Kc7 27. Rd2 Bf8 28. Bxf8 Rxf8 29. Kf1 Ra8 30. Kg2 Kc6 31. Kg3 Ra4 32. f4 Rc4 33. Re2 Kd6 34. Rd2+ Ke6 35. f5+ gxf5 36. Rd8 Kf6 37. Rb8 b4 38. f4 Ke6 39. Rb5 Rc3+ 40. Kh4 Rc2 41. Rb6+ Ke7 42. Kg5 Rxh2 43. Rxb4 Rxa2 44. Rb7+ Kf8 45. Kxf5 Rg2 46. Rb1 Ra2 47. Rh1 Ra5+ 48. Kf6 Ra6+ 49. Kf5 Kg7 50. Rg1+ Rg6 51. Rh1 Rf6+ 52. Ke5 h6 53. f5 Ra6 54. Rg1+ Kf8 55. f6 Ra5+ 56. Kf4 Ra4+ 57. Kf5 Ra5+ 58. Kf4 Ra4+ 59. Kf5 Ra5+ 1/2-1/2

[Event "Angers op 12th"]
[Site "Angers"]
[Date "2017.05.26"]
[Round "2"]
[White "Soyer, Jean Yves"]
[Black "Dieu, Bruno"]
[Result "1-0"]
[WhiteElo "2053"]
[BlackElo "2255"]
[PlyCount "79"]
[EventDate "2017.05.26"]
[EventType "swiss"]
[EventRounds "6"]
[EventCountry "FRA"]
[SourceTitle "CBM 178 Extra"]
[Source "ChessBase"]
[SourceDate "2017.06.22"]
[SourceVersion "1"]
[SourceVersionDate "2017.06.22"]
[SourceQuality "1"]

1. d4 e6 2. c4 d5 3. Nc3 c5 4. cxd5 exd5 5. Nf3 Nc6 6. dxc5 d4 7. Na4 Bg4 8. e3 Bxf3 9. gxf3 Qf6 10. e4 Nge7 11. f4 Ng6 12. Qg4 h5 13. Qg5 Qe6 14. Qd5 Qxd5 15. exd5 Nb4 16. Bb5+ Kd8 17. d6 Nc2+ 18. Kd1 Nxa1 19. Re1 Ne7 20. dxe7+ Bxe7 21. Bd3 Bh4 22. Re2 Kc7 23. b3 Rhe8 24. Bb2 Rxe2 25. Kxe2 Re8+ 26. Kf1 Nxb3 27. axb3 Bf6 28. Ba3 g5 29. Bc1 g4 30. Nb2 Kc6 31. b4 a5 32. bxa5 Kxc5 33. Nc4 Kc6 34. Ba3 Rd8 35. Ke2 Kb5 36. Nd6+ Ka4 37. Bc5 Rd7 38. Bb5+ Kxa5 39. Bxd7 b6 40. Nc4+ 1-0

[Event "Angers op 11th"]
[Site "Angers"]
[Date "2016.05.07"]
[Round "3"]
[White "Soyer, Jean Yves"]
[Black "Lemoult, Bruno"]
[Result "1-0"]
[WhiteElo "2066"]
[BlackElo "1469"]
[PlyCount "35"]
[EventDate "2016.05.06"]
[EventType "swiss"]
[EventRounds "6"]
[EventCountry "FRA"]
[SourceTitle "CBM 172 Extra"]
[Source "ChessBase"]
[SourceDate "2016.06.21"]
[SourceVersion "1"]
[SourceVersionDate "2016.06.21"]
[SourceQuality "1"]

1. Nf3 Nf6 2. c4 c5 3. Nc3 e6 4. g3 b6 5. Bg2 Bb7 6. 0-0 Be7 7. Re1 d6 8. e4 Nbd7 9. d4 cxd4 10. Nxd4 a6 11. e5 Bxg2 12. exf6 Nxf6 13. Kxg2 Qd7 14. Qa4 0-0 15. Qxd7 Nxd7 16. Nf5 Rfe8 17. Nxe7+ Rxe7 18. Nd5 1-0

[Event "Avoine op 30th"]
[Site "Avoine"]
[Date "2015.07.24"]
[Round "7"]
[White "Milu, Romeo Sorin"]
[Black "Soyer, Jean Yves"]
[Result "1-0"]
[WhiteElo "2376"]
[BlackElo "2061"]
[PlyCount "69"]
[EventDate "2015.07.18"]
[EventType "swiss"]
[EventRounds "9"]
[EventCountry "FRA"]
[SourceTitle "EXT 2016"]
[Source "ChessBase"]
[SourceDate "2015.10.08"]
[SourceVersion "1"]
[SourceVersionDate "2015.10.08"]
[SourceQuality "1"]

1. e4 c5 2. Nc3 Nc6 3. g3 g6 4. Bg2 Bg7 5. f4 d6 6. d3 e6 7. Nf3 Nge7 8. 0-0 0-0 9. Be3 Nd4 10. e5 Nef5 11. Bf2 Nxf3+ 12. Qxf3 Nd4 13. Qd1 dxe5 14. fxe5 Bxe5 15. Ne4 f5 16. Nxc5 Qd6 17. b4 Nc6 18. Rb1 Bd4 19. Qd2 a5 20. b5 Bxc5 21. bxc6 Bxf2+ 22. Rxf2 bxc6 23. Qc3 Bd7 24. Rf4 Rfb8 25. Rxb8+ Qxb8 26. h4 e5 27. Rc4 Qb6+ 28. Rc5 f4 29. gxf4 exf4 30. Qc4+ Kg7 31. Qd4+ Kg8 32. Bd5+ cxd5 33. Rc8+ Rxc8 34. Qxb6 Rxc2 35. Qd8+ 1-0

[Event "Aix les Bains op 1st"]
[Site "Aix les Bains"]
[Date "2014.08.10"]
[Round "2"]
[White "Soyer, Jean Yves"]
[Black "Vernet, Solene"]
[Result "1/2-1/2"]
[WhiteElo "2044"]
[BlackElo "1781"]
[PlyCount "82"]
[EventDate "2014.08.10"]
[EventType "swiss"]
[EventRounds "7"]
[EventCountry "FRA"]
[SourceTitle "CBM 161 Extra"]
[Source "ChessBase"]
[SourceDate "2014.08.29"]
[SourceVersion "1"]
[SourceVersionDate "2014.08.29"]
[SourceQuality "1"]

1. Nf3 c5 2. e4 Nc6 3. Bb5 g6 4. Bxc6 bxc6 5. 0-0 Bg7 6. Re1 Nf6 7. c3 0-0 8. d4 cxd4 9. cxd4 Qb6 10. Nc3 Bb7 11. b3 d6 12. Bb2 Nd7 13. Rc1 c5 14. d5 Qd8 15. Na4 Bxb2 16. Nxb2 f5 17. Ng5 Rf6 18. Ne6 Qb8 19. f3 fxe4 20. fxe4 Nf8 21. Ng5 e6 22. e5 dxe5 23. Nxe6 Nxe6 24. dxe6 Rxe6 25. Rxc5 Rd6 26. Qg4 e4 27. Nc4 Rf6 28. Qg5 Qd8 29. Qe5 Qf8 30. Rc7 Qb4 31. Qxf6 Qxe1+ 32. Qf1 Qxf1+ 33. Kxf1 Bc8 34. Ke2 Bf5 35. Nd2 a6 36. Ke3 Rd8 37. Nxe4 Bxe4 38. Kxe4 Rd2 39. Kf3 Rxa2 40. h4 Ra3 41. Rb7 a5 1/2-1/2

[Event "FRA-ch op-A"]
[Site "Pau"]
[Date "2012.08.18"]
[Round "5"]
[White "Soyer, Jean Yves"]
[Black "Podvin, Francois Xavier"]
[Result "0-1"]
[WhiteElo "2056"]
[BlackElo "2082"]
[PlyCount "76"]
[EventDate "2012.08.14"]
[EventType "swiss"]
[EventRounds "11"]
[EventCountry "FRA"]
[SourceTitle "CBM 150 Extra"]
[Source "ChessBase"]
[SourceDate "2012.10.19"]
[SourceVersion "1"]
[SourceVersionDate "2012.10.19"]
[SourceQuality "1"]

1. Nf3 c5 2. g3 Nc6 3. Bg2 g6 4. 0-0 Bg7 5. d3 e6 6. c4 Nge7 7. Nc3 0-0 8. Bd2 d5 9. Ne1 b6 10. Rb1 Bb7 11. b3 Qd7 12. Nf3 Rad8 13. Qc1 Nf5 14. Rd1 dxc4 15. dxc4 Qe7 16. Bf1 Ncd4 17. Nxd4 Nxd4 18. Nb5 Nxb5 19. cxb5 Be4 20. Bg5 f6 21. Bf4 Bxb1 22. Qxb1 Rxd1 23. Qxd1 Rd8 24. Qc1 Qd7 25. e4 e5 26. Bc4+ Kf8 27. Bh6 Qd1+ 28. Kg2 g5 29. Bxg7+ Kxg7 30. Qxd1 Rxd1 31. g4 Rd4 32. Kf3 f5 33. gxf5 g4+ 34. Ke3 Kf6 35. a3 Kg5 36. Be6 Rd1 37. f6 Kxf6 38. Bxg4 Rb1 0-1

[Event "Avoine op 27th"]
[Site "Avoine"]
[Date "2012.07.23"]
[Round "3"]
[White "Soyer, Jean Yves"]
[Black "Trouve, Guillaume"]
[Result "0-1"]
[WhiteElo "2056"]
[BlackElo "1796"]
[PlyCount "90"]
[EventDate "2012.07.21"]
[EventType "swiss"]
[EventRounds "9"]
[EventCountry "FRA"]
[SourceTitle "CBM 149 Extra"]
[Source "ChessBase"]
[SourceDate "2012.08.24"]
[SourceVersion "1"]
[SourceVersionDate "2012.08.24"]
[SourceQuality "1"]

1. Nf3 c5 2. c4 Nc6 3. d4 cxd4 4. Nxd4 Qb6 5. Nb3 e6 6. g3 Ne5 7. c5 Qc6 8. Rg1 Bxc5 9. Nxc5 Qxc5 10. Be3 Qb4+ 11. Qd2 Qxd2+ 12. Nxd2 d5 13. Bd4 f6 14. e4 Nc6 15. Bc5 Nge7 16. Rc1 Bd7 17. exd5 exd5 18. g4 Kf7 19. g5 Ng6 20. gxf6 gxf6 21. Bd6 Rac8 22. Kd1 Nce5 23. Rxc8 Rxc8 24. Rg3 Bg4+ 25. Be2 Bxe2+ 26. Kxe2 Rc2 27. Rb3 Rxd2+ 28. Kxd2 Nc4+ 29. Kc3 Nxd6 30. Kd4 Ke6 31. Re3+ Ne5 32. Rh3 Nf5+ 33. Kc3 d4+ 34. Kc2 h6 35. Ra3 d3+ 36. Kd1 Nc4 37. Rxa7 Nxb2+ 38. Kc1 Nd4 39. Rxb7 Nc4 40. Kd1 Kd5 41. a4 Ne2 42. Rd7+ Ke4 43. f3+ Ke3 44. Re7+ Ne5 45. Rc7 Kd4 0-1

[Event "FRA-ch Accession"]
[Site "Caen"]
[Date "2011.08.24"]
[Round "8"]
[White "Soyer, Jean Yves"]
[Black "Bleunven, Andre"]
[Result "1/2-1/2"]
[WhiteElo "2054"]
[BlackElo "2226"]
[PlyCount "45"]
[EventDate "2011.08.16"]
[EventType "swiss"]
[EventRounds "11"]
[EventCountry "FRA"]
[SourceTitle "CBM 144 Extra"]
[Source "ChessBase"]
[SourceDate "2011.10.28"]
[SourceVersion "1"]
[SourceVersionDate "2011.10.28"]
[SourceQuality "1"]

1. Nf3 c5 2. c4 Nf6 3. Nc3 e6 4. g3 b6 5. Bg2 Bb7 6. 0-0 Be7 7. Re1 d5 8. cxd5 Nxd5 9. e4 Nb4 10. d4 cxd4 11. Nxd4 N8c6 12. Be3 0-0 13. Nxc6 Bxc6 14. Re2 Qxd1+ 15. Rxd1 Rfd8 16. Red2 Rxd2 17. Rxd2 Rd8 18. Rxd8+ Bxd8 19. f4 Nd3 20. b3 Be7 21. e5 Bd7 22. Be4 Nc5 23. Bf3 1/2-1/2

[Event "FRA-ch Accession"]
[Site "Caen"]
[Date "2011.08.16"]
[Round "1"]
[White "Soyer, Jean Yves"]
[Black "Favarel, Julien"]
[Result "1/2-1/2"]
[WhiteElo "2054"]
[BlackElo "2222"]
[PlyCount "30"]
[EventDate "2011.08.16"]
[EventType "swiss"]
[EventRounds "11"]
[EventCountry "FRA"]
[SourceTitle "CBM 144 Extra"]
[Source "ChessBase"]
[SourceDate "2011.10.28"]
[SourceVersion "1"]
[SourceVersionDate "2011.10.28"]
[SourceQuality "1"]

1. Nf3 Nf6 2. c4 g6 3. Nc3 Bg7 4. e4 d6 5. d4 0-0 6. Be2 Na6 7. Nd2 e5 8. d5 h5 9. 0-0 Bh6 10. Nb3 Bxc1 11. Qxc1 Kg7 12. Qe3 b6 13. Nd2 Ng4 14. Bxg4 hxg4 15. f3 Nb4 1/2-1/2

[Event "Avoine op 25th"]
[Site "Avoine"]
[Date "2010.07.24"]
[Round "8"]
[White "Soyer, Jean Yves"]
[Black "Monpeurt, Cyrielle"]
[Result "0-1"]
[WhiteElo "2079"]
[BlackElo "1899"]
[PlyCount "76"]
[EventDate "2010.07.17"]
[EventType "swiss"]
[EventRounds "9"]
[EventCountry "FRA"]
[SourceTitle "EXT 2011"]
[Source "ChessBase"]
[SourceDate "2010.11.26"]
[SourceVersion "1"]
[SourceVersionDate "2010.11.26"]
[SourceQuality "1"]

1. c4 f5 2. g3 Nf6 3. Bg2 g6 4. d4 Bg7 5. Nc3 d6 6. Nf3 0-0 7. 0-0 Qe8 8. d5 c6 9. Nd4 e5 10. dxe6 Bxe6 11. Nxe6 Qxe6 12. Qb3 Rf7 13. Bf4 Na6 14. Rad1 Rd8 15. Qc2 Nc5 16. b3 a6 17. Rfe1 Nfe4 18. Nb1 g5 19. Be3 f4 20. Bxc5 Nxc5 21. b4 fxg3 22. hxg3 Nd7 23. b5 Ne5 24. bxc6 bxc6 25. Qe4 Qf6 26. Rf1 Qh6 27. Nd2 Rdf8 28. Nf3 Rf5 29. Nxe5 Bxe5 30. e3 Qh5 31. f4 gxf4 32. exf4 d5 33. cxd5 Bb8 34. Rfe1 Ba7+ 35. Kf1 Qg4 36. Rd3 cxd5 37. Qe6+ Kh8 38. Qxa6 Rxf4+ 0-1

[Event "Avoine op 25th"]
[Site "Avoine"]
[Date "2010.07.21"]
[Round "5"]
[White "Algaba, Pedro"]
[Black "Soyer, Jean Yves"]
[Result "1-0"]
[WhiteElo "1892"]
[BlackElo "2079"]
[PlyCount "69"]
[EventDate "2010.07.17"]
[EventType "swiss"]
[EventRounds "9"]
[EventCountry "FRA"]
[SourceTitle "EXT 2011"]
[Source "ChessBase"]
[SourceDate "2010.11.26"]
[SourceVersion "1"]
[SourceVersionDate "2010.11.26"]
[SourceQuality "1"]

1. e4 c5 2. Nf3 d6 3. d4 cxd4 4. Nxd4 Nf6 5. Nc3 a6 6. Be2 e5 7. Nf3 h6 8. h3 Qc7 9. Be3 Be7 10. Qd2 Be6 11. 0-0 Qc6 12. Nh2 Nbd7 13. Ng4 Rc8 14. f3 d5 15. exd5 Nxd5 16. Nxd5 Qxd5 17. Rfd1 Qxd2 18. Rxd2 f5 19. Nh2 Kf7 20. Rad1 Rc7 21. Nf1 Rhc8 22. c3 Nf6 23. Bd3 Bc5 24. Bb1 g6 25. Bxc5 Rxc5 26. Ne3 R5c7 27. Kf2 h5 28. Rd6 f4 29. Nc2 e4 30. Nd4 e3+ 31. Ke1 Bd7 32. h4 Bb5 33. Nxb5 axb5 34. Rb6 Re8 35. Rdd6 1-0

[Event "FRA-ch op-A"]
[Site "Nimes"]
[Date "2009.08.20"]
[Round "9"]
[White "Girard, Eric"]
[Black "Soyer, Jean Yves"]
[Result "1-0"]
[WhiteElo "2150"]
[BlackElo "2081"]
[PlyCount "65"]
[EventDate "2009.08.11"]
[EventType "swiss"]
[EventRounds "11"]
[EventCountry "FRA"]
[SourceTitle "CBM 132 Extra"]
[Source "ChessBase"]
[SourceDate "2009.11.03"]
[SourceVersion "1"]
[SourceVersionDate "2009.11.03"]
[SourceQuality "1"]

1. c4 g6 2. e4 Bg7 3. d4 d6 4. Nc3 Nd7 5. Be2 e5 6. d5 Ngf6 7. Bg5 h6 8. Be3 Nc5 9. f3 a5 10. Qd2 Nh5 11. 0-0-0 f5 12. exf5 gxf5 13. g3 Nf6 14. Nh3 b6 15. Nf2 h5 16. h4 Qe7 17. Nh3 Bd7 18. Ng5 0-0-0 19. Nb5 Bxb5 20. cxb5 Nfd7 21. Rhe1 Kb7 22. Qc2 Qf6 23. Bc4 Bh6 24. Kb1 Rc8 25. Bf1 Rhg8 26. Bh3 f4 27. Bxd7 Nxd7 28. Qc6+ Kb8 29. Rc1 Nc5 30. Bxc5 Qg6+ 31. Ne4 dxc5 32. d6 Rg7 33. d7 1-0

[Event "Angers op 4th"]
[Site "Angers"]
[Date "2009.04.19"]
[Round "5"]
[White "Soyer, Jean Yves"]
[Black "Robveille, Laurent"]
[Result "1-0"]
[WhiteElo "2092"]
[BlackElo "1915"]
[PlyCount "85"]
[EventDate "2009.04.17"]
[EventType "swiss"]
[EventRounds "6"]
[EventCountry "FRA"]
[SourceTitle "CBM 129 Extra"]
[Source "ChessBase"]
[SourceDate "2009.05.05"]
[SourceVersion "2"]
[SourceVersionDate "2009.05.20"]
[SourceQuality "1"]

1. Nf3 Nf6 2. c4 g6 3. Nc3 Bg7 4. e4 0-0 5. d4 d6 6. Be2 e5 7. d5 Na6 8. Bg5 h6 9. Bh4 g5 10. Bg3 Nh5 11. h4 Nxg3 12. fxg3 g4 13. Nd2 h5 14. 0-0 Bf6 15. Bd3 Be7 16. Qe2 c6 17. Qe3 Qb6 18. Qxb6 axb6 19. Rac1 Nc5 20. Bb1 Na4 21. Nd1 Bd7 22. b3 Nc5 23. Ne3 Bd8 24. Nf5 Bc7 25. Ne3 Na6 26. Kf2 Nb4 27. a4 Bb8 28. Ke2 b5 29. dxc6 bxc6 30. axb5 cxb5 31. Nd5 Nxd5 32. cxd5 b4 33. Bd3 Ba7 34. Rc7 Bd4 35. Rxd7 Ra2 36. Rc1 Bc3 37. Bc2 Rb2 38. Nc4 Ra2 39. Kd3 f5 40. Nxd6 fxe4+ 41. Nxe4 Bd4 42. Bd1 Bf2 43. Rcc7 1-0

[Event "Pays de Loire-chT"]
[Site "Cholet"]
[Date "2009.??.??"]
[Round "6"]
[White "Mauget, Jean Pierre"]
[Black "Soyer, Jean Yves"]
[Result "0-1"]
[WhiteElo "1836"]
[BlackElo "2092"]
[PlyCount "50"]
[EventDate "2009.06.??"]
[EventType "team-tourn"]
[EventRounds "6"]
[EventCountry "FRA"]
[SourceTitle "EXT 2010"]
[Source "ChessBase"]
[SourceDate "2010.11.25"]
[SourceVersion "1"]
[SourceVersionDate "2010.11.25"]
[SourceQuality "1"]

1. d4 Nf6 2. c4 g6 3. Nf3 Bg7 4. Nc3 0-0 5. e4 d6 6. h3 c5 7. d5 e6 8. Bd3 exd5 9. exd5 a6 10. 0-0 Nh5 11. Qc2 Nd7 12. Bg5 f6 13. Bd2 Ne5 14. Nxe5 fxe5 15. Ne4 Nf4 16. Bxf4 exf4 17. f3 Rf5 18. Nf2 Rh5 19. Ng4 Bd4+ 20. Rf2 Bxg4 21. fxg4 Re5 22. Kf1 Bxf2 23. Qxf2 Re3 24. Rd1 Qf6 25. Be2 Qxb2 0-1